Perspektivy elektronicky realizovaného obchodu v pojišťovnictví

Hlavné rysy elektronického poistenia. Zmena role sprostredkovateľa pri obchode alebo poistení cez internet. Nové rizikové prvky. Princípy ochrany elektronického obchodu.

Guardado en:
Detalles Bibliográficos
Autor principal: Janata, Jiří
Formato: Capítulo de libro
Lenguaje:checo
Materias:
Etiquetas: Agregar Etiqueta
Sin Etiquetas, Sea el primero en etiquetar este registro!

MARC

LEADER 00000naa a2200000 4500
001 r040107
005 20230922095828.5
041 0 |a cze 
044 |a CZ 
245 1 0 |a Perspektivy elektronicky realizovaného obchodu v pojišťovnictví  |c Jiří Janata 
520 |a Hlavné rysy elektronického poistenia. Zmena role sprostredkovateľa pri obchode alebo poistení cez internet. Nové rizikové prvky. Princípy ochrany elektronického obchodu. 
610 2 0 |a obchod elektronický 
610 2 0 |a poisťovníctvo 
610 2 0 |a poistenie 
610 2 0 |a internet 
610 2 0 |a technológie informačné 
610 2 0 |a siete dátové 
610 2 0 |a riziko 
610 2 0 |a ochrana dát 
610 2 0 |a ochrana informácií 
100 1 |a Janata, Jiří